Normal view
MARC view
Entry Personal Name
001 - CONTROL NUMBER
- control field: 49671
003 - CONTROL NUMBER IDENTIFIER
- control field: dpl
005 - DATE AND TIME OF LATEST TRANSACTION
- control field: 20120629115748.0
008 - FIXED-LENGTH DATA ELEMENTS
- fixed length control field: 120629|||a|||||| | ||| d
040 ## - CATALOGING SOURCE
- Original cataloging agency: dpl
- Transcribing agency: dpl
100 ## - HEADING--PERSONAL NAME
- Personal name: अग्निहोत्री, कुलदीप चंद
670 ## - SOURCE DATA FOUND
- Source citation: Work cat.: (dpl): अग्निहोत्री, कुलदीप चंद, राष्ट्रीय चेतना को चुनौती/, 2012
670 ## - SOURCE DATA FOUND
- Source citation: Work cat.: (dpl): अग्निहोत्री, कुलदीप चंद, राष्ट्रीय चेतना को चुनौती/, 2012
